17. Gesamtbericht über die Tätigkeit der Europäischen Gemeinschaften 1983

Guardado en:
Detalles Bibliográficos
Formato: Libro
Lenguaje:alemán
Publicado: Brüssel Commission der Europäis schen Gemeinschaften 1984
Etiquetas: Agregar Etiqueta
Sin Etiquetas, Sea el primero en etiquetar este registro!

MARC

LEADER 00000nam a2200000 4500
001 c117133
005 20041019155206.6
041 0 |a ger 
044 |a BE 
245 1 0 |a 17. Gesamtbericht über die Tätigkeit der Europäischen Gemeinschaften 1983 
264 1 |a Brüssel  |b Commission der Europäis schen Gemeinschaften  |c 1984 
300 |a 382 s.